Statistics for All Predator and Alien Movies

Click here to take the quiz!

General Stats

  • This quiz has been taken 188 times
    (105 since last reset)
  • The average score is 11 of 13

Answer Stats

YearFilm% Correct
1979Alien
100%
1986Aliens
100%
1987Predator
98%
1990Predator 2
93%
1992Alien 3
92%
2004Alien vs. Predator
90%
2010Predators
84%
2012Prometheus
83%
1997Alien Resurrection
82%
2017Alien: Covenant
78%
2018The Predator
77%
2022Prey
69%
2007Aliens vs. Predator: Requiem
68%

Score Distribution

Percentile by Number Answered

Percent of People with Each Score

Your Score History

You have not taken this quiz since the last reset